000 00462nam a2200169Ia 4500
008 240729s9999 xx 000 0 und d
022 _a2357-9323
245 0 _aVirus Reviews & Research
260 _aBrazil
260 _bSociedade Brasileira de Virologia
650 _a Medicine (General) | Science
650 _a Microbiology
650 _aMedicine
856 _uhttps://doaj.org/toc/40b94d529f7d4fbea2183238b2de0eb5
942 _2ddc
942 _cDOAJEJ
999 _c66731
_d66731
945 _a1
_bMadushi Gamage
_c1
_dMadushi Gamage